000 01287nam a2200325 i 4500
003 EG-GICUC
005 20260211175806.0
008 260211s2003 ua ad||f |||| 00| 0 ara d
017 _a2003/20726
020 _a9770443654
040 _a EG-GICUC
_bara
_c EG-GICUC
_d EG-GICUC
_erda
041 _aara
082 0 4 _a343.421
_bس م . ر
_221
092 0 4 _221
099 _aLaw1 10 343.421 س م . ر 1 ed - 2003 1006191
100 0 _aسمير محمد عبد الغني.
_eمؤلف.
245 1 2 _aالرؤية المستقبلية لمكافحة المخدرات.
_nالجزء الأول،
_pالمخدرات /
_cتأليف العميد الدكتور سمير محمد عبد الغني.
250 _aالطبعة الأولى،
264 1 _aالقاهرة :
_bدار النهضة العربية ،
_c2003 .
300 _a290 ؛ صفحة
_bإيضاحيات، جداول ؛
_c24 سم
336 _2rda content
_atext
337 _2rda media
_aComputer
338 _2rda carrier
_aOnline Resource
504 _aيشتمل على إرجاعات ببليوجرافية
650 1 _aالتشريعات المتعلقة بالمخدرات
_2qrmak
651 1 _2qrmak
856 4 0 _uhttps://fll.law.cu.edu.eg/fulltext/bks/B10-06191.pdf
905 _a18
942 _2ddc
_cBK
_e21
_n0
999 _c62668
_d62668